Panorama social de América Latina. (Registro nro. 12672)
[ vista simple ]
| 000 -CABECERA | |
|---|---|
| campo de control de longitud fija | 00755cam a2200193 a 4500 |
| 001 - NÚMERO DE CONTROL | |
| campo de control | 000013026 |
| 005 - FECHA Y HORA DE LA ÚLTIMA TRANSACCIÓN | |
| campo de control | 20200929163127.0 |
| 008 - DATOS DE LONGITUD FIJA--INFORMACIÓN GENERAL | |
| campo de control de longitud fija | 920127m19961997cl a s i000 0 spa d |
| 020 ## - NÚMERO INTERNACIONAL ESTÁNDAR DEL LIBRO | |
| Número Internacional Estándar del Libro | 9213214480 |
| 040 ## - FUENTE DE LA CATALOGACIÓN | |
| Centro catalogador/agencia de origen | DO-SdBNP |
| Lengua de catalogación | spa |
| Centro/agencia transcriptor | BNPHU |
| 082 ## - NÚMERO DE LA CLASIFICACIÓN DECIMAL DEWEY | |
| Número de clasificación | 362.5098 |
| Número de documento/Ítem | P195 |
| 245 00 - MENCIÓN DE TÍTULO | |
| Título | Panorama social de América Latina. |
| 260 ## - PUBLICACIÓN, DISTRIBUCIÓN, ETC. | |
| Lugar de publicación, distribución, etc. | Santiago, Chile : |
| Nombre del editor, distribuidor, etc. | Naciones Unidas ; |
| -- | Comisión Economica para America Latina y el Caribe., |
| Fecha de publicación, distribución, etc. | 1996. |
| 300 ## - DESCRIPCIÓN FÍSICA | |
| Extensión | 218 p. : |
| Otras características físicas | il. ; |
| Dimensiones | 27 cm. |
| 504 ## - NOTA DE BIBLIOGRAFÍA, ETC. | |
| Nota de bibliografía, etc. | Incluye bibliografía: p. [219-226]. |
| 650 #4 - PUNTO DE ACCESO ADICIONAL DE MATERIA--TÉRMINO DE MATERIA | |
| Término de materia o nombre geográfico como elemento de entrada | Trabajo social |
| Subdivisión geográfica | América Latina |
| Subdivisión cronológica | 1982- |
| 9 (RLIN) | 30076 |
| 651 #4 - PUNTO DE ACCESO ADICIONAL DE MATERIA--NOMBRE GEOGRÁFICO | |
| Nombre geográfico | América Latina |
| Subdivisión general | Condiciones Sociales |
| Subdivisión cronológica | 1982- |
| Subdivisión de forma | ESTADÍSTICAS |
| 9 (RLIN) | 30077 |
| 710 2# - PUNTO DE ACCESO ADICIONAL--NOMBRE DE ENTIDAD CORPORATIVA | |
| Nombre de entidad corporativa o nombre de jurisdicción como elemento de entrada | United Nations. |
| Unidad subordinada | Economic Commission for Latin America and the Caribbean. |
| 9 (RLIN) | 4091 |
| Estado de retiro | Estado de pérdida | Restricciones de uso | No para préstamo | Código de colección | Localización permanente | Ubicación/localización actual | Ubicación en estantería | Fecha de adquisición | Número de inventario | Total de préstamos | Signatura topográfica completa | Código de barras | Fecha visto por última vez | Precio válido a partir de | Tipo de ítem Koha |
|---|---|---|---|---|---|---|---|---|---|---|---|---|---|---|---|
| Monografías: Libros y Folletos | General | General | En catalogación | 19.11.2009 | LF1 | 362.5098 P195 | 13026-10 | 25.06.2020 | 25.06.2020 | Préstamo en sala |
